00294nam a2200121Ia 4500008004100000100001300041245004700054260002600101300000800127650001200135942000800147999001700155190216s9999||||xx |||||||||||||| ||und|| aGarg. Bl 0aIndian Constitutional Administration. Xi. bNcrt - Newdelhic2002 a120 aHistory cREF c36690d36690